000 00390nam a22001697a 4500
003 OSt
005 20220127090803.0
008 220127b |||||||| |||| 00| 0 eng d
020 _a0750659238
040 _cHU
082 _a621.3191
100 _aScaddan Brian
_928786
245 _aWiring Systems And Fault Finding
260 _aTokyo
_bTokyo
300 _f116
942 _2ddc
_cBOOKS
_n0
999 _c28054
_d28054